[Event "V Floripa Open 2019"]
[Site "Florianopolis"]
[Date "2019.01.21"]
[Round "1.84"]
[White "Goncalves, Mateus"]
[Black "Campos, Alexandre Ferreira"]
[Result "1/2-1/2"]
[WhiteElo "1580"]
[BlackElo "2073"]
[PlyCount "113"]
[EventDate "2019.01.21"]
[EventType "swiss"]
[EventRounds "10"]
[EventCountry "BRA"]

1. e4 d6 2. d4 e5 3. dxe5 dxe5 4. Qxd8+ Kxd8 5. Nf3 Bd6 6. Bc4 f6 7. Nc3 c6 8. Be3 Ke7 9. O-O-O Be6 10. Bxe6 Kxe6 11. g4 Na6 12. h4 Ne7 13. h5 Bc5 14. Bxc5 Nxc5 15. Nh4 g6 16. Ng2 Rad8 17. f4 Rxd1+ 18. Rxd1 a5 19. a3 a4 20. f5+ Kf7 21. Ne1 gxh5 22. gxh5 b5 23. Nd3 Nb7 24. Nb4 Rd8 25. Rg1 Nd6 26. Na6 Rg8 27. Rd1 Nec8 28. Nc5 Rg4 29. Ne6 Ke7 30. h6 Nb6 31. Nd8 Kd7 32. Nb7 Nbc4 33. b3 axb3 34. cxb3 Kc7 35. bxc4 Nxb7 36. cxb5 Nc5 37. bxc6 Kxc6 38. Rd8 Rh4 39. Rc8+ Kb6 40. Nd5+ Kb5 41. Nxf6 Rxh6 42. Ng4 Rh1+ 43. Kc2 Nxe4 44. f6 Rf1 45. Rf8 h5 46. f7 hxg4 47. Rb8+ Ka4 48. Ra8+ Kb5 49. f8=Q Rxf8 50. Rxf8 Kc4 51. Re8 Kd4 52. a4 g3 53. a5 Nf6 54. Rd8+ Ke4 55. Rd2 Nd5 56. Kd1 g2 57. Rxg2 1/2-1/2

[Event "V Floripa Open 2019"]
[Site "Florianopolis"]
[Date "2019.01.21"]
[Round "1.86"]
[White "Jodorcovsky, Alejandro David"]
[Black "Schiavo, Marcelo da Silva"]
[Result "0-1"]
[WhiteElo "1577"]
[BlackElo "2070"]
[PlyCount "100"]
[EventDate "2019.01.21"]
[EventType "swiss"]
[EventRounds "10"]
[EventCountry "BRA"]

1. e4 c6 2. d4 d5 3. exd5 cxd5 4. Bd3 Nf6 5. Bf4 Bg4 6. Nf3 Qb6 7. b3 Bxf3 8. gxf3 Nc6 9. c3 e6 10. Nd2 Nh5 11. Bg3 g6 12. f4 Bh6 13. Qf3 Ne7 14. O-O O-O 15. Kh1 Qc7 16. c4 Bxf4 17. Qe2 Nc6 18. Nf3 dxc4 19. bxc4 Rad8 20. Qe4 Bxg3 21. fxg3 Qd7 22. Rad1 Rfe8 23. Bb1 f5 24. Qe3 Qc7 25. Ng5 e5 26. d5 Nd4 27. Bd3 b6 28. Be2 Ng7 29. Bd3 Qd6 30. Rfe1 Rc8 31. Rc1 Qf6 32. Rf1 Nh5 33. Nh3 f4 34. Qd2 g5 35. Nf2 Qh6 36. Kg2 Nf6 37. Ne4 Ng4 38. Kg1 Rf8 39. gxf4 gxf4 40. Bb1 f3 41. Qg5+ Qxg5 42. Nxg5 Ne2+ 43. Kh1 Nxc1 44. Rxc1 Ne3 45. Bxh7+ Kh8 46. Bd3 Nxd5 47. Re1 f2 48. Rxe5 f1=Q+ 49. Bxf1 Rxf1+ 50. Kg2 Rf5 0-1

[Event "V Floripa Open 2019"]
[Site "Florianopolis"]
[Date "2019.01.21"]
[Round "1.87"]
[White "Ulloa, Gabriel"]
[Black "Nunes, Guilherme Sacardo T"]
[Result "1-0"]
[WhiteElo "2068"]
[BlackElo "1572"]
[PlyCount "37"]
[EventDate "2019.01.21"]
[EventType "swiss"]
[EventRounds "10"]
[EventCountry "BRA"]

1. e4 e6 2. d4 d5 3. Nc3 Nf6 4. e5 Nfd7 5. Nce2 c5 6. c3 Nc6 7. Nf3 b5 8. Nf4 Qb6 9. h4 b4 10. Be2 a5 11. Kf1 Ba6 12. Bxa6 Qxa6+ 13. Kg1 Nb6 14. Ng5 Nd8 15. Qh5 g6 16. Qf3 Nd7 17. h5 Be7 18. hxg6 h6 19. gxf7+ 1-0

[Event "V Floripa Open 2019"]
[Site "Florianopolis"]
[Date "2019.01.21"]
[Round "1.88"]
[White "Belmonte, Dulce"]
[Black "Piccoli, Lucas Fonseca"]
[Result "0-1"]
[WhiteElo "1570"]
[BlackElo "2062"]
[PlyCount "76"]
[EventDate "2019.01.21"]
[EventType "swiss"]
[EventRounds "10"]
[EventCountry "BRA"]

1. d4 Nf6 2. c4 e6 3. Nc3 Bb4 4. e3 O-O 5. Nge2 Re8 6. a3 Bf8 7. Ng3 d5 8. Bd3 c5 9. dxc5 dxc4 10. Bxc4 Qxd1+ 11. Kxd1 Bxc5 12. b4 Be7 13. Bb2 Nc6 14. Nb5 a6 15. Nd4 Rd8 16. Ke2 Nxd4+ 17. Bxd4 b5 18. Bb3 Bb7 19. f3 Nd5 20. Rhd1 Rdc8 21. Rac1 a5 22. Bc5 Bf6 23. Ne4 Bb2 24. Rc2 Be5 25. Rdc1 axb4 26. axb4 Re8 27. h3 h6 28. Ra2 Rxa2+ 29. Bxa2 f5 30. Bxd5 exd5 31. Nd2 Ra8 32. Rc2 Ra3 33. f4 Bf6 34. g3 Ra1 35. Kf2 Rh1 36. h4 Rh2+ 37. Ke1 Rg2 38. Nf1 Rxc2 0-1

[Event "V Floripa Open 2019"]
[Site "Florianopolis"]
[Date "2019.01.21"]
[Round "1.89"]
[White "Blank Goncalves, Eduardo"]
[Black "Monteiro, Daniel Zotelli"]
[Result "1-0"]
[WhiteElo "2060"]
[BlackElo "1567"]
[PlyCount "110"]
[EventDate "2019.01.21"]
[EventType "swiss"]
[EventRounds "10"]
[EventCountry "BRA"]

1. d4 d5 2. c4 c6 3. Nf3 Nf6 4. Nc3 Bf5 5. e3 e6 6. Be2 Bd6 7. O-O O-O 8. b3 Nbd7 9. Bb2 b6 10. Rc1 Re8 11. Re1 Qe7 12. h3 h6 13. Bd3 Ne4 14. Qe2 Kh8 15. Rc2 Ndf6 16. Rd1 g5 17. Ne5 Bxe5 18. dxe5 Nd7 19. g4 Bg6 20. Nb1 Ndc5 21. Ba3 Qb7 22. Bxe4 Bxe4 23. Rcd2 Red8 24. Nc3 Bg6 25. Qf3 Nd7 26. Bd6 Nc5 27. Rd4 Rxd6 28. Qf6+ Kh7 29. exd6 Qd7 30. h4 gxh4 31. f4 e5 32. fxe5 Ne4 33. Nxe4 Qxg4+ 34. Kf2 Bxe4 35. Rg1 Qf5+ 36. Qxf5+ Bxf5 37. Rxh4 dxc4 38. bxc4 Re8 39. Rd1 Kg6 40. Kf3 h5 41. d7 Rd8 42. Rhd4 Kg7 43. Kf4 Bg4 44. Rg1 Kf8 45. Rxg4 hxg4 46. Kxg4 Ke7 47. Kf5 Rxd7 48. Rxd7+ Kxd7 49. Kf6 Ke8 50. e6 fxe6 51. Kxe6 a5 52. Kd6 b5 53. cxb5 cxb5 54. Kc5 b4 55. Kb5 Kd7 1-0

[Event "V Floripa Open 2019"]
[Site "Florianopolis"]
[Date "2019.01.21"]
[Round "1.90"]
[White "Germano, Paulo Roberto"]
[Black "Souza, Iago Henrique da Si"]
[Result "0-1"]
[WhiteElo "1566"]
[BlackElo "2060"]
[PlyCount "64"]
[EventDate "2019.01.21"]
[EventType "swiss"]
[EventRounds "10"]
[EventCountry "BRA"]

1. e4 c6 2. f4 e5 3. Nf3 exf4 4. d4 g5 5. h3 Qe7 6. Bd3 d5 7. e5 Bg7 8. O-O h5 9. Nh2 h4 10. Ng4 Nh6 11. Be2 Be6 12. Nxh6 Rxh6 13. Bg4 Nd7 14. c3 O-O-O 15. b4 f6 16. exf6 Rxf6 17. Bf3 Bf5 18. Bd2 Re6 19. Bg4 Qf6 20. a4 Rde8 21. Na3 Kb8 22. Bf3 Qe7 23. Qb3 Nf6 24. b5 Ne4 25. Be1 Ka8 26. Nc2 Ng3 27. Bxg3 hxg3 28. a5 g4 29. Bxd5 Bxc2 30. Qxc2 cxd5 31. Qf5 Re2 32. a6 Rxg2+ 0-1

[Event "V Floripa Open 2019"]
[Site "Florianopolis"]
[Date "2019.01.21"]
[Round "1.91"]
[White "Cantero, Rodolfo"]
[Black "Laperuta, Renan Portes"]
[Result "1-0"]
[WhiteElo "2055"]
[BlackElo "1566"]
[PlyCount "53"]
[EventDate "2019.01.21"]
[EventType "swiss"]
[EventRounds "10"]
[EventCountry "BRA"]

1. e4 e5 2. Nf3 Nc6 3. Nc3 Bc5 4. Nxe5 Nxe5 5. d4 Bd6 6. dxe5 Bxe5 7. f4 Bxc3+ 8. bxc3 d6 9. Bd3 Nf6 10. O-O O-O 11. Rb1 Re8 12. Qf3 c6 13. c4 Qc7 14. Bb2 Nd7 15. Qg3 f6 16. Kh1 Rf8 17. e5 fxe5 18. fxe5 Rxf1+ 19. Rxf1 Nxe5 20. c5 Nxd3 21. cxd6 Qd7 22. Qxd3 b5 23. c4 Bb7 24. c5 Re8 25. Qb3+ Kh8 26. h3 h6 27. Rf7 1-0

[Event "V Floripa Open 2019"]
[Site "Florianopolis"]
[Date "2019.01.21"]
[Round "1.92"]
[White "Santos, Gildemar De Oliveir"]
[Black "Ermel, Francisco Roberto"]
[Result "0-1"]
[WhiteElo "1566"]
[BlackElo "2054"]
[PlyCount "28"]
[EventDate "2019.01.21"]
[EventType "swiss"]
[EventRounds "10"]
[EventCountry "BRA"]

1. e4 c5 2. Nf3 a6 3. d4 cxd4 4. Nxd4 Nf6 5. Nc3 e5 6. Nb3 Bb4 7. Bd3 d5 8. Nd2 Bg4 9. f3 Be6 10. a3 Bc5 11. Nf1 Nc6 12. Bg5 dxe4 13. Nxe4 Nxe4 14. Bxd8 Bf2+ 0-1

[Event "V Floripa Open 2019"]
[Site "Florianopolis"]
[Date "2019.01.21"]
[Round "1.93"]
[White "Torella, Rodolfo"]
[Black "Gomes, Guilherme Rodrigues"]
[Result "1-0"]
[WhiteElo "2054"]
[BlackElo "1565"]
[PlyCount "83"]
[EventDate "2019.01.21"]
[EventType "swiss"]
[EventRounds "10"]
[EventCountry "BRA"]

1. e4 c5 2. Nf3 d6 3. d4 cxd4 4. Nxd4 Nf6 5. Nc3 Nc6 6. Bc4 Qb6 7. Nb3 e6 8. Be3 Qc7 9. f4 Be7 10. Bd3 a6 11. a3 b5 12. Qf3 O-O 13. O-O Bb7 14. Nd4 Nd7 15. f5 Nxd4 16. Bxd4 e5 17. Be3 Nb6 18. Qe2 Nc4 19. Bxc4 Qxc4 20. Rae1 a5 21. Qd2 b4 22. axb4 axb4 23. Nd5 Bxd5 24. exd5 Rfc8 25. Rf2 Ra2 26. b3 Qb5 27. Rc1 Rc3 28. Rff1 Rxb3 29. f6 gxf6 30. Bh6 Rc3 31. Qd1 Qc5+ 32. Kh1 Qc8 33. Qh5 Raxc2 34. Rxc2 Rxc2 35. h3 Rc4 36. Rf3 Rc3 37. Rf5 Rc4 38. Rf1 b3 39. Qf3 Rc3 40. Qe2 Qc4 41. Ra1 Rc1+ 42. Rxc1 1-0

[Event "V Floripa Open 2019"]
[Site "Florianopolis"]
[Date "2019.01.21"]
[Round "1.94"]
[White "Grillo, Carlos Henrique Gom"]
[Black "Cordero, Daniela"]
[Result "0-1"]
[WhiteElo "1950"]
[BlackElo "2053"]
[PlyCount "52"]
[EventDate "2019.01.21"]
[EventType "swiss"]
[EventRounds "10"]
[EventCountry "BRA"]

1. e4 e6 2. d3 d5 3. Nd2 Nc6 4. Ngf3 Nf6 5. Be2 e5 6. c3 a5 7. a4 Be7 8. h3 O-O 9. O-O Re8 10. Re1 dxe4 11. dxe4 h6 12. Qc2 Bc5 13. Bb5 Bd7 14. Nc4 Re6 15. Be3 Qe7 16. Rad1 Nb8 17. Ncd2 Bxb5 18. axb5 Bxe3 19. Rxe3 Qc5 20. c4 Nbd7 21. Nb3 Qb4 22. Qc3 Qxc3 23. bxc3 a4 24. Na1 Nc5 25. Nd2 Rd6 26. Re2 Nfxe4 0-1

[Event "V Floripa Open 2019"]
[Site "Florianopolis"]
[Date "2019.01.21"]
[Round "1.95"]
[White "De Oliveira, Gustavo Alfredo Bue"]
[Black "Colaco, Willian Wagner Soar"]
[Result "1-0"]
[WhiteElo "2052"]
[BlackElo "1561"]
[PlyCount "23"]
[EventDate "2019.01.21"]
[EventType "swiss"]
[EventRounds "10"]
[EventCountry "BRA"]

1. d4 d5 2. Nf3 Nf6 3. g3 Bg4 4. Ne5 Bh5 5. Bg2 e6 6. O-O Bd6 7. Bf4 O-O 8. c4 c6 9. Nd2 Qe7 10. Re1 Nbd7 11. Qb3 b6 12. Nxc6 1-0

[Event "V Floripa Open 2019"]
[Site "Florianopolis"]
[Date "2019.01.21"]
[Round "1.96"]
[White "Sato, Claudio Takeshi"]
[Black "De VJunior, Liduino Furtado"]
[Result "0-1"]
[WhiteElo "1560"]
[BlackElo "2052"]
[PlyCount "93"]
[EventDate "2019.01.21"]
[EventType "swiss"]
[EventRounds "10"]
[EventCountry "BRA"]

1. b3 d5 2. Bb2 Bg4 3. d3 Nf6 4. Nd2 e6 5. Ngf3 Be7 6. g3 c5 7. Bg2 Nc6 8. O-O O-O 9. d4 cxd4 10. Nxd4 Qb6 11. N2f3 Rfd8 12. Nxc6 bxc6 13. Ne5 Bh5 14. Qd3 Nd7 15. Nxd7 Rxd7 16. e3 c5 17. c4 Rad8 18. cxd5 exd5 19. Bh3 Rd6 20. Be5 Rh6 21. Bg2 Qe6 22. Bf4 g5 23. Bc7 Rd7 24. Ba5 Bg4 25. Rfe1 c4 26. bxc4 dxc4 27. Qf1 Bf6 28. Rab1 Qa6 29. Bb4 Qxa2 30. Rec1 Be2 31. Qe1 Bd3 32. Rd1 Qa4 33. Qd2 a5 34. Bc5 Be5 35. Rb7 Rxb7 36. Bxb7 Qb5 37. Bd4 Bxd4 38. exd4 Qxb7 39. Qxg5+ Rg6 40. Qxa5 Qf3 41. Re1 Rf6 42. Re8+ Kg7 43. Qg5+ Bg6 44. Qd2 c3 45. Qe1 c2 46. Re3 Qd1 47. Kf1 0-1

[Event "V Floripa Open 2019"]
[Site "Florianopolis"]
[Date "2019.01.21"]
[Round "1.97"]
[White "Lukachewski Junior, Wanderlei"]
[Black "Japiassu, Glauco Antonio Beze"]
[Result "1-0"]
[WhiteElo "2046"]
[BlackElo "1558"]
[PlyCount "110"]
[EventDate "2019.01.21"]
[EventType "swiss"]
[EventRounds "10"]
[EventCountry "BRA"]

1. d4 d5 2. c4 e6 3. Nc3 Nf6 4. Nf3 c6 5. Bg5 Be7 6. e3 O-O 7. cxd5 Nxd5 8. Bxe7 Qxe7 9. Bd3 Nd7 10. O-O f5 11. Qb3 N7b6 12. Rac1 Bd7 13. a3 Rac8 14. Na4 Nxa4 15. Qxa4 a6 16. Ne5 Nf6 17. Qa5 Ne4 18. Bxe4 fxe4 19. Nxd7 Qxd7 20. Qe5 Qd5 21. Rc5 Qxe5 22. Rxe5 Kf7 23. Rc1 b6 24. Rxe4 Rfd8 25. Kf1 c5 26. dxc5 bxc5 27. Ke2 Rd5 28. Rec4 Rcd8 29. R1c2 Rb8 30. e4 Rd4 31. Rxc5 Rxe4+ 32. Kd3 Re1 33. Rc6 a5 34. a4 Rd1+ 35. Kc3 Re1 36. Rc5 Ra8 37. b3 Ra6 38. Kb2 Kf6 39. Ka3 g6 40. R2c3 Re5 41. Rxe5 Kxe5 42. b4 axb4+ 43. Kxb4 Rb6+ 44. Kc5 Rb2 45. Re3+ Kf6 46. a5 Ke7 47. Ra3 Rxf2 48. a6 Rxg2 49. a7 Rc2+ 50. Kd4 Rc8 51. a8=Q Rxa8 52. Rxa8 Kf6 53. Ra5 g5 54. Ke4 h5 55. h4 e5 1-0

[Event "V Floripa Open 2019"]
[Site "Florianopolis"]
[Date "2019.01.21"]
[Round "1.98"]
[White "Ibanez, Jorge Llivi"]
[Black "Moreira, Ronaldo Alonso"]
[Result "0-1"]
[WhiteElo "1549"]
[BlackElo "2043"]
[PlyCount "87"]
[EventDate "2019.01.21"]
[EventType "swiss"]
[EventRounds "10"]
[EventCountry "BRA"]

1. d4 d5 2. Bf4 c6 3. Nf3 Nf6 4. h3 Qb6 5. Qc1 Bf5 6. c3 h6 7. Nbd2 Nbd7 8. e3 e6 9. Be2 Be7 10. O-O O-O 11. Ne5 Nxe5 12. Bxe5 Nd7 13. Bg3 c5 14. dxc5 Nxc5 15. b4 Ne4 16. Nxe4 Bxe4 17. a4 Rac8 18. Qd2 a5 19. b5 Bf6 20. Rac1 Rfd8 21. Bd3 Qc5 22. Bxe4 dxe4 23. Qa2 Rd3 24. Qb3 Qc4 25. Qa3 Rcd8 26. Rb1 Rd2 27. Rfe1 Ra2 28. Qc1 Qxa4 29. Rd1 Qc4 30. Rxd8+ Bxd8 31. Qd1 Qd3 32. Qb3 Rc2 33. Qa4 Rxf2 34. Rd1 Rf1+ 35. Rxf1 Qxf1+ 36. Kh2 Qd3 37. Qd4 Bg5 38. Qxd3 exd3 39. Be1 a4 40. c4 a3 41. c5 a2 42. c6 bxc6 43. bxc6 a1=Q 44. Bg3 0-1

[Event "V Floripa Open 2019"]
[Site "Florianopolis"]
[Date "2019.01.21"]
[Round "1.99"]
[White "Almeida Junior, Alvaro Alves de"]
[Black "Girona, Martin"]
[Result "1-0"]
[WhiteElo "2039"]
[BlackElo "1548"]
[PlyCount "85"]
[EventDate "2019.01.21"]
[EventType "swiss"]
[EventRounds "10"]
[EventCountry "BRA"]

1. e4 e6 2. d4 d5 3. Nd2 dxe4 4. Nxe4 Nd7 5. Nf3 Ngf6 6. Bg5 Be7 7. Bxf6 Nxf6 8. Nxf6+ Bxf6 9. Bd3 O-O 10. O-O Bd7 11. Be4 c6 12. c3 Re8 13. Re1 Qc7 14. h3 Rad8 15. Qe2 b6 16. a4 c5 17. dxc5 Qxc5 18. Qa6 Qc7 19. a5 Bc8 20. axb6 axb6 21. Qe2 Bb7 22. Ra7 Rb8 23. Qb5 Red8 24. Nd4 Bxd4 25. cxd4 Qc8 26. Qh5 g6 27. Qh6 Rxd4 28. Rc1 Qd7 29. Bxb7 Rd1+ 30. Rxd1 Qxd1+ 31. Kh2 Qd4 32. Qe3 Qd6+ 33. Qg3 Qxg3+ 34. Kxg3 Rd8 35. Ra8 Rxa8 36. Bxa8 Kf8 37. Kf4 Ke7 38. Kg5 Kd6 39. Kh6 Ke5 40. Kxh7 Kf5 41. Kg7 f6 42. h4 e5 43. f3 1-0

[Event "V Floripa Open 2019"]
[Site "Florianopolis"]
[Date "2019.01.21"]
[Round "1.100"]
[White "Leite, Tarcisio Dantas Fro"]
[Black "Martins, Anderson Donay"]
[Result "1/2-1/2"]
[WhiteElo "1546"]
[BlackElo "2072"]
[PlyCount "90"]
[EventDate "2019.01.21"]
[EventType "swiss"]
[EventRounds "10"]
[EventCountry "BRA"]

1. e4 c6 2. d4 d5 3. f3 e6 4. e5 Nd7 5. f4 Ne7 6. Nf3 c5 7. c3 Nc6 8. Be2 Qb6 9. O-O Be7 10. Kh1 O-O 11. b3 f5 12. Na3 Qa5 13. Nb1 Qc7 14. Bb2 a6 15. Na3 b5 16. Nc2 Qb6 17. Rb1 cxd4 18. cxd4 b4 19. Nce1 a5 20. Nd3 Ba6 21. Qd2 Rfc8 22. Rbc1 Rc7 23. Rc2 Rac8 24. Rfc1 Na7 25. Nf2 Rxc2 26. Rxc2 Rxc2 27. Qxc2 Bxe2 28. Qxe2 Qc6 29. Nd1 Nb5 30. Qd2 Nb8 31. h3 h5 32. g3 Nd7 33. Ng1 Nb6 34. Ne2 a4 35. Qd3 a3 36. Bc1 Nd7 37. Bd2 Nf8 38. Ne3 Qb6 39. Be1 Qc6 40. Nc2 Qb6 41. Qd2 Nh7 42. Nxb4 g5 43. Nc2 g4 44. Kg2 Nf8 45. Qd3 Nc7 1/2-1/2

[Event "V Floripa Open 2019"]
[Site "Florianopolis"]
[Date "2019.01.21"]
[Round "1.101"]
[White "De Borba, Gabriel"]
[Black "Niehues, Luiz Cesar"]
[Result "1-0"]
[WhiteElo "2030"]
[BlackElo "1540"]
[PlyCount "43"]
[EventDate "2019.01.21"]
[EventType "swiss"]
[EventRounds "10"]
[EventCountry "BRA"]

1. e4 e5 2. Nf3 Nc6 3. Bb5 f5 4. Nc3 fxe4 5. Nxe4 d5 6. Nxe5 dxe4 7. Nxc6 Qg5 8. Qe2 Nf6 9. f4 Qxf4 10. Nxa7+ Bd7 11. Bxd7+ Nxd7 12. Nb5 O-O-O 13. d4 Qh4+ 14. g3 Qh3 15. Bf4 Bb4+ 16. c3 Ba5 17. Qc4 Qg2 18. O-O-O Kb8 19. Bxc7+ Bxc7 20. Qxc7+ Ka8 21. Nd6 e3 22. d5 1-0

[Event "V Floripa Open 2019"]
[Site "Florianopolis"]
[Date "2019.01.21"]
[Round "1.102"]
[White "Sarda, Pedro Sada"]
[Black "Do Nascimento, Christian Almeida"]
[Result "0-1"]
[WhiteElo "1539"]
[BlackElo "2029"]
[PlyCount "102"]
[EventDate "2019.01.21"]
[EventType "swiss"]
[EventRounds "10"]
[EventCountry "BRA"]

1. d4 Nf6 2. Nf3 e6 3. Bg5 d5 4. Nbd2 Be7 5. e3 Nbd7 6. Bd3 c5 7. c3 Qc7 8. Qe2 e5 9. dxe5 Nxe5 10. Nxe5 Qxe5 11. Nf3 Qc7 12. Bf4 Bd6 13. Bxd6 Qxd6 14. O-O O-O 15. h3 b6 16. Rad1 Qe7 17. Rfe1 Bb7 18. Bb1 Rfe8 19. Qd3 Rad8 20. Qf5 Ne4 21. Nd2 g6 22. Qf4 f5 23. Nxe4 fxe4 24. Rd2 Rd6 25. Red1 Rf8 26. Qg3 Rdf6 27. c4 d4 28. exd4 cxd4 29. Rxd4 Rxf2 30. Rd7 Qc5 31. Kh2 Bc6 32. Rd8 e3 33. Rxf8+ Qxf8 34. Rg1 Qf4 35. Qxf4 Rxf4 36. b3 Rf2 37. Kg3 g5 38. h4 h6 39. hxg5 hxg5 40. a3 Kg7 41. Bd3 Kf6 42. Rf1 Rxf1 43. Bxf1 Ke5 44. Kg4 Bxg2 45. Be2 Kd4 46. Kxg5 Kc3 47. Kf4 Kd2 48. Bh5 Bf1 49. b4 Bxc4 50. Ke4 Be2 51. Be8 Bd3+ 0-1

[Event "V Floripa Open 2019"]
[Site "Florianopolis"]
[Date "2019.01.21"]
[Round "1.103"]
[White "Pereira, Geanfrancesco"]
[Black "De Sousa, Daniel Paiva"]
[Result "1/2-1/2"]
[WhiteElo "2028"]
[BlackElo "1539"]
[PlyCount "102"]
[EventDate "2019.01.21"]
[EventType "swiss"]
[EventRounds "10"]
[EventCountry "BRA"]

1. c4 c5 2. Nc3 Nc6 3. g3 b6 4. Bg2 Bb7 5. e3 e6 6. Nge2 Qb8 7. O-O Nf6 8. d4 Ne7 9. e4 cxd4 10. Nxd4 Ng6 11. Be3 Be7 12. Qe2 O-O 13. f4 Qc8 14. h4 h5 15. Bf3 Ng4 16. Bxg4 hxg4 17. h5 Nh8 18. f5 e5 19. Nc2 Bc5 20. b4 Bxe3+ 21. Nxe3 f6 22. Qxg4 Nf7 23. Rac1 Ng5 24. Rfd1 Rf7 25. Ned5 Qxc4 26. a3 Kh7 27. h6 Bxd5 28. Rxd5 Rc8 29. Qh5 Rg8 30. hxg7+ Kxg7 31. Rxe5 Qd4+ 32. Kf1 Qxe5 33. Nd5 Rgf8 34. Nf4 Re8 35. Rd1 Nxe4 36. Qg6+ Kf8 37. Qh6+ Kg8 38. g4 Ng3+ 39. Kg2 Ne2 40. Nh5 Qe4+ 41. Kf2 Qxg4 42. Qg6+ Qxg6 43. fxg6 Rff8 44. Rxd7 f5 45. Rg7+ Kh8 46. Rxa7 Kg8 47. Rg7+ Kh8 48. Rb7 Kg8 49. a4 Nd4 50. Rg7+ Kh8 51. Rh7+ Kg8 1/2-1/2

[Event "V Floripa Open 2019"]
[Site "Florianopolis"]
[Date "2019.01.21"]
[Round "1.104"]
[White "Stasaitits, Tiago"]
[Black "Urquiza, Marcello de Albuque"]
[Result "0-1"]
[WhiteElo "1528"]
[BlackElo "2025"]
[PlyCount "74"]
[EventDate "2019.01.21"]
[EventType "swiss"]
[EventRounds "10"]
[EventCountry "BRA"]

1. e4 c5 2. Nf3 e6 3. d4 cxd4 4. Nxd4 a6 5. Nc3 Qc7 6. Bd3 Nc6 7. Nf3 Nf6 8. a3 Be7 9. O-O O-O 10. Re1 d6 11. Bg5 b5 12. Qd2 Bb7 13. Rad1 Rac8 14. Qe2 b4 15. Nb1 bxa3 16. Nxa3 Nb4 17. c3 Nxd3 18. Qxd3 Rfd8 19. Nc2 h6 20. Bh4 Qb8 21. Ncd4 Qa8 22. Re2 g5 23. Bg3 Nxe4 24. Qe3 Bd5 25. h4 f5 26. hxg5 hxg5 27. Bh2 Kf7 28. Nd2 f4 29. Bxf4 gxf4 30. Qxf4+ Nf6 31. g4 Rg8 32. g5 Rxg5+ 33. Qxg5 Rg8 34. Qxg8+ Qxg8+ 35. Kf1 Qg2+ 36. Ke1 Qh1+ 37. Nf1 Bg2 0-1

[Event "V Floripa Open 2019"]
[Site "Florianopolis"]
[Date "2019.01.21"]
[Round "1.105"]
[White "Torrallardona, Eduardo"]
[Black "Woichinevski, Joao Vinicius Peru"]
[Result "0-1"]
[WhiteElo "2024"]
[BlackElo "1528"]
[PlyCount "44"]
[EventDate "2019.01.21"]
[EventType "swiss"]
[EventRounds "10"]
[EventCountry "BRA"]

1. e4 e5 2. Nf3 Nc6 3. Bb5 a6 4. Ba4 Nf6 5. Qe2 b5 6. Bb3 Be7 7. c3 d6 8. d4 Bg4 9. d5 Na5 10. Bc2 c6 11. b4 Nc4 12. a4 cxd5 13. axb5 axb5 14. Rxa8 Qxa8 15. h3 Bh5 16. g4 Bg6 17. exd5 Bxc2 18. Qxc2 Qxd5 19. Qe2 O-O 20. O-O Nd7 21. Re1 Qe6 22. Nd4 exd4 0-1

[Event "V Floripa Open 2019"]
[Site "Florianopolis"]
[Date "2019.01.21"]
[Round "1.106"]
[White "De Oliveira, John Richard Aparec"]
[Black "Mangialardo, Tiago Carvalho"]
[Result "0-1"]
[WhiteElo "1515"]
[BlackElo "2021"]
[PlyCount "50"]
[EventDate "2019.01.21"]
[EventType "swiss"]
[EventRounds "10"]
[EventCountry "BRA"]

1. c4 e5 2. Nc3 Nf6 3. g3 Bb4 4. Bg2 Bxc3 5. bxc3 e4 6. Ba3 d6 7. Qc2 Qe7 8. Nh3 O-O 9. O-O Nbd7 10. Ng5 Re8 11. d3 e3 12. f3 Nh5 13. f4 h6 14. Bf3 Nxg3 15. hxg3 hxg5 16. f5 g4 17. Bg2 Nf6 18. Rab1 Nh5 19. Kh2 Qe5 20. Qa4 Nxg3 21. Kg1 Nxe2+ 22. Kh1 Re6 23. d4 Rh6+ 24. Bh3 Rxh3+ 25. Kg2 Qg3# 0-1

[Event "V Floripa Open 2019"]
[Site "Florianopolis"]
[Date "2019.01.21"]
[Round "1.107"]
[White "Nascimento, Pedro Henrique Alve"]
[Black "Dias Filho, Pedro Stein"]
[Result "1-0"]
[WhiteElo "2015"]
[BlackElo "1507"]
[PlyCount "81"]
[EventDate "2019.01.21"]
[EventType "swiss"]
[EventRounds "10"]
[EventCountry "BRA"]

1. d4 Nf6 2. c4 g6 3. Nc3 Bg7 4. e4 d6 5. Be2 O-O 6. Nf3 e5 7. d5 a5 8. Bg5 h6 9. Bh4 Na6 10. Nd2 Nc5 11. O-O Bd7 12. b3 Qe8 13. Rb1 Nh7 14. a3 g5 15. Bg3 f5 16. f3 f4 17. Bf2 b6 18. b4 axb4 19. axb4 Nb7 20. Nb5 Bxb5 21. cxb5 Qd7 22. Qc2 Rfc8 23. Ra1 Nd8 24. Rfc1 Rxa1 25. Rxa1 Nf6 26. Rc1 g4 27. Bxb6 gxf3 28. gxf3 Bf8 29. Bxc7 Qg7+ 30. Kh1 Nh5 31. b6 Kh8 32. Rg1 Ng3+ 33. hxg3 fxg3 34. Nf1 Qf6 35. Rxg3 Qh4+ 36. Kg2 Be7 37. Ba6 Ra8 38. b5 Bg5 39. Qc3 h5 40. Bxd6 Nb7 41. Bxe5+ 1-0

[Event "V Floripa Open 2019"]
[Site "Florianopolis"]
[Date "2019.01.21"]
[Round "1.108"]
[White "Lima, Aine Carolina"]
[Black "Caetano, Ryan Wesley Da Cost"]
[Result "0-1"]
[WhiteElo "1502"]
[BlackElo "2008"]
[PlyCount "76"]
[EventDate "2019.01.21"]
[EventType "swiss"]
[EventRounds "10"]
[EventCountry "BRA"]

1. d4 Nf6 2. Nc3 d5 3. Bf4 a6 4. e3 e6 5. Nf3 c5 6. Bd3 c4 7. Be2 Bb4 8. O-O Bxc3 9. bxc3 Ne4 10. Qe1 Qa5 11. Ng5 Nf6 12. Be5 Nbd7 13. Bd6 h6 14. Nh3 Qa4 15. Bd1 Ne4 16. Bb4 a5 17. f3 Ng5 18. Nxg5 axb4 19. Nh3 bxc3 20. Qxc3 O-O 21. Be2 Qa3 22. Qd2 b5 23. Rfb1 Ba6 24. Nf2 Rfb8 25. c3 Rb7 26. Rb4 Nb8 27. Rab1 Nc6 28. R4b2 Rab8 29. Nd1 Qd6 30. e4 b4 31. e5 Qe7 32. Qc2 bxc3 33. Qxc3 Rxb2 34. Nxb2 Qa7 35. Rd1 Nxe5 36. Na4 Nc6 37. Nc5 e5 38. Nxa6 exd4 0-1

[Event "V Floripa Open 2019"]
[Site "Florianopolis"]
[Date "2019.01.21"]
[Round "1.110"]
[White "Vicenzi, Liziane Nathalia"]
[Black "Heinechen, John"]
[Result "0-1"]
[WhiteElo "1488"]
[BlackElo "2002"]
[PlyCount "92"]
[EventDate "2019.01.21"]
[EventType "swiss"]
[EventRounds "10"]
[EventCountry "BRA"]

1. d4 Nf6 2. c4 c5 3. e3 g6 4. Nf3 Bg7 5. Be2 O-O 6. Nc3 b6 7. Qc2 Bb7 8. d5 d6 9. O-O e6 10. e4 exd5 11. exd5 Nbd7 12. Bf4 Qb8 13. Rad1 a6 14. Qc1 Re8 15. Rfe1 Ng4 16. Ng5 Nge5 17. Nge4 f5 18. Ng5 Nf8 19. h4 Qd8 20. g3 h6 21. Nh3 Ng4 22. f3 Bd4+ 23. Kg2 Ne3+ 24. Bxe3 Bxe3 25. Qc2 Qf6 26. Rd3 Bd4 27. Qd2 Kh7 28. Bf1 b5 29. cxb5 Rxe1 30. Qxe1 axb5 31. Nxb5 Bxb2 32. Nc7 Rxa2 33. Kh1 Ra1 34. Qf2 Bd4 35. Qe2 Qf7 36. Ne6 Nxe6 37. dxe6 Qe7 38. Rd1 Rxd1 39. Qxd1 Qxe6 40. Nf4 Qe3 41. Bg2 c4 42. Kh2 c3 43. Qa4 Bg7 44. Qd7 c2 45. Ne6 Qxe6 46. Qxe6 c1=Q 0-1